000 01807cam a2200133 4500500
005 20260329000522.0
041 _afre
042 _adc
100 1 0 _aFamerie, Étienne
_eauthor
245 0 0 _aLa maîtrise du latin par la pratique : Exercices de syntaxe et de style, versions, thèmes grammaticaux et littéraires avec corrigés
260 _bArmand Colin,
_c2024.
520 _aCet ouvrage est un complément aux méthodes d’apprentissage de la langue. Il a comme ambition d’offrir la compétence linguistique indispensable pour aborder l’étude approfondie des textes et documents latins. L’acquisition de cette maîtrise contribue à développer une autre capacité essentielle: savoir interpréter la pensée écrite d’un auteur avec finesse et nuance.Le volume comporte:des synthèses grammaticales offrant un aperçu complet de la syntaxe ;des exercices de syntaxe et de style, comptant plus de 3 100 phrases d’auteurs ;des versions de difficulté croissante et des textes de révision ;des thèmes grammaticaux, constitués de traductions d’auteurs latins ou de citations d’auteurs français (vers, maximes, etc.), suivis de thèmes littéraires ;un lexique latin-français et français-latin ;un index exhaustif des sources.L’ouvrage propose les corrigés de l’ensemble des exercices. Les traductions, toutes originales, visent à la fois à la fidélité, à la précision et, dans la mesure du possible, à une certaine élégance. La traduction poursuit ainsi un double objectif: être lisible pour elle-même et rendre compte, avec ses moyens propres, du génie de la langue latine.
856 4 1 _uhttps://shs.cairn.info/la-maitrise-du-latin-par-la-pratique-2e-ed--9782200639051?lang=fr&redirect-ssocas=7080
999 _c1796415
_d1796415